Fictional Characters by Color - Green - Statistics

General Stats
  • This quiz has been taken 446 times
  • The average score is 16 of 20
Answer Stats
Picture Answer % Correct
Shrek
99%
The Hulk
98%
Yoda
98%
Peter Pan
97%
The Grinch
97%
Luigi
96%
Kermit the Frog
93%
Green Lantern
89%
Mike Wazowski
87%
Loki
86%
The Mask
82%
Wicked Witch of the West
82%
Yoshi
82%
Michelangelo
81%
Plankton
76%
Rex
72%
Gamora
70%
Oscar the Grouch
68%
Slimer
44%
Gumby
38%
No matching quizzes found
Score Distribution
Percent of People with Each Score
Percentile by Number Answered
Your Score History
You have not taken this quiz